| 000 | 003520000a22001570004500 | ||
|---|---|---|---|
| 001 | 004162 | ||
| 003 | MACL | ||
| 040 | _aMACL | ||
| 090 |
_c16155 _d16154 |
||
| 100 | _aFrawley, David | ||
| 245 |
_aHinduism And The Clash Of Civilizations _cDavid Frawley |
||
| 260 |
_aVoice Of India, _c2001 |
||
| 350 | _a350 | ||
| 650 | _aReligion | ||
| 942 |
_k295 _cBook |
||
| 999 |
_c16053 _d16053 |
||